00465nam a2200145Ia 4500008004100000041000800041082001800049100002300067245003100090260003400121300000700155650002700162999001900189952011100208210716s1976 xx 000 0 und d aeng a382.9143 WATP awaterhouse, Price. aDoing business in Vanuatu. aU S AbPrice waterhousec1976 a78 aInternational Business c199010d199010 001040708MBAaAIMITbAIMITd2005-04-25l0o382.9143 WATPpMBA01575r2026-05-23 00:00:00w2021-07-16yBK